All Supercell games - Statistics

General Stats
  • This quiz has been taken 32 times
  • The average score is 5 of 11
Answer Stats
Answer % Correct
2016-now Clash Royale
97%
2012-now Clash of Clans
90%
2018-now Brawl Stars
80%
2012-now Hay Day
67%
2014-now Boom Beach
53%
2024-now Squad Busters
37%
2021-? Clash Mini
30%
?-2022 Clash Quest
10%
2021-2022 Everdale
7%
2011-2011 Gunshine.net
3%
? Battle Buddies
0%
No matching quizzes found
Score Distribution
Percent of People with Each Score
Percentile by Number Answered
Your Score History
You have not taken this quiz